[Event "Lloyds Bank Masters 17th"]
[Site "London"]
[Date "1993.08.29"]
[Round "9"]
[White "Gual Pascual, Antonio"]
[Black "Bates, Richard"]
[Result "0-1"]
[WhiteElo "2350"]
[BlackElo "2235"]
[PlyCount "60"]
[EventDate "1993.08.21"]
[EventType "swiss"]
[EventRounds "10"]
[EventCountry "ENG"]

1. d4 Nf6 2. c4 g6 3. Nc3 Bg7 4. e4 d6 5. Nge2 c6 6. f3 a6 7. Be3 Nbd7 8. a4 a5
9. Qd2 O-O 10. Rd1 Qc7 11. Nc1 e5 12. d5 Ne8 13. Nb3 c5 14. Bd3 f5 15. Qc2 Nb6
16. Ra1 Qf7 17. Nb5 Nd7 18. Nd2 Nb8 19. Qc3 b6 20. Ke2 Na6 21. Raf1 Nb4 22. Bb1
Qe7 23. h4 f4 24. Bf2 Nf6 25. Rfg1 Nh5 26. Nf1 Rf7 27. Kd1 Qf8 28. Bd3 Kh8 29.
Be2 Kg8 30. Kc1 Na2+ 0-1

[Event "Lloyds Bank Masters 17th"]
[Site "London"]
[Date "1993.08.29"]
[Round "9"]
[White "Rossiter, Philip J"]
[Black "Watson, William N"]
[Result "1/2-1/2"]
[WhiteElo "2330"]
[BlackElo "2550"]
[PlyCount "60"]
[EventDate "1993.08.21"]
[EventType "swiss"]
[EventRounds "10"]
[EventCountry "ENG"]

1. d4 d6 2. e4 Nf6 3. Nc3 g6 4. Nf3 Bg7 5. Be2 c5 6. d5 O-O 7. O-O Na6 8. h3
Nc7 9. a4 b6 10. Re1 a6 11. Bf4 Rb8 12. e5 Nfe8 13. Qd2 b5 14. axb5 axb5 15.
Bh6 Bf5 16. Bf1 b4 17. Ne4 dxe5 18. Bxg7 Kxg7 19. Nxe5 Qxd5 20. Qxd5 Nxd5 21.
Nxc5 Rc8 22. Ra5 Nec7 23. Bd3 Ra8 24. Rea1 Rxa5 25. Rxa5 Bxd3 26. Ncxd3 Rb8 27.
Rc5 e6 28. Nc6 Rb6 29. Ncxb4 Nxb4 30. Nxb4 Rxb4 1/2-1/2

[Event "Lloyds Bank Masters 17th"]
[Site "London"]
[Date "1993.08.29"]
[Round "9"]
[White "Har Zvi, Ronen"]
[Black "Hennigan, Michael"]
[Result "1-0"]
[WhiteElo "2505"]
[BlackElo "2415"]
[PlyCount "57"]
[EventDate "1993.08.21"]
[EventType "swiss"]
[EventRounds "10"]
[EventCountry "ENG"]

1. e4 c5 2. Nf3 Nc6 3. d4 cxd4 4. Nxd4 Nf6 5. Nc3 d6 6. Be3 Ng4 7. Bg5 h6 8.
Bh4 g5 9. Bg3 Bg7 10. Nb3 a6 11. h4 gxh4 12. Bxh4 Be6 13. Qd2 Rc8 14. O-O-O b5
15. Kb1 Nge5 16. Ka1 Na5 17. Nxa5 Qxa5 18. Nd5 Qa4 19. Kb1 Qxe4 20. Nxe7 Rc7
21. b3 Nc4 22. Bxc4 Qe5 23. c3 bxc4 24. Rde1 Qxc3 25. Qxc3 Bxc3 26. Nd5 Bxe1
27. Nxc7+ Kd7 28. Nxe6 fxe6 29. Rxe1 1-0

[Event "Lloyds Bank Masters 17th"]
[Site "London"]
[Date "1993.08.29"]
[Round "9"]
[White "Hebden, Mark"]
[Black "Conquest, Stuart"]
[Result "0-1"]
[WhiteElo "2560"]
[BlackElo "2485"]
[PlyCount "58"]
[EventDate "1993.08.21"]
[EventType "swiss"]
[EventRounds "10"]
[EventCountry "ENG"]

1. d4 f5 2. g3 Nf6 3. Bg2 g6 4. Nd2 Bg7 5. c3 Nc6 6. Nh3 O-O 7. O-O Kh8 8. Nf3
Qe8 9. d5 Nd8 10. Nd4 c6 11. c4 e5 12. Nc2 cxd5 13. cxd5 d6 14. f4 Nf7 15. Nf2
b6 16. Bd2 Bb7 17. Bc3 Rc8 18. e4 fxe4 19. Ne3 exf4 20. gxf4 Nh6 21. Bh3 Nf5
22. Bxf5 gxf5 23. Kh1 Rxc3 24. bxc3 Nxd5 25. Nxd5 e3 26. Qd3 Qe6 27. c4 b5 28.
Qb3 exf2 29. Kg2 Rg8 0-1

[Event "Lloyds Bank Masters 17th"]
[Site "London"]
[Date "1993.08.29"]
[Round "9"]
[White "Babar, Frank"]
[Black "Cafferty, Bernard"]
[Result "1-0"]
[WhiteElo "2230"]
[BlackElo "2310"]
[PlyCount "57"]
[EventDate "1993.08.21"]
[EventType "swiss"]
[EventRounds "10"]
[EventCountry "ENG"]

1. e4 Nf6 2. e5 Nd5 3. d4 d6 4. Nf3 g6 5. exd6 cxd6 6. Bc4 Nb6 7. Bb3 Bg7 8.
O-O O-O 9. Re1 Bg4 10. h3 Bxf3 11. Qxf3 Nc6 12. c3 e5 13. dxe5 dxe5 14. Nd2 Na5
15. Bc2 f5 16. Qg3 e4 17. Nb3 Nac4 18. Bf4 Nxb2 19. Nc5 Qd5 20. Bb3 N6c4 21.
Re2 Rfd8 22. Nxe4 fxe4 23. Rxb2 Rac8 24. Rd2 Qc6 25. Rad1 Rxd2 26. Rxd2 Re8 27.
Rd6 Qc5 28. Qg5 Qc8 29. Qd5+ 1-0

[Event "Lloyds Bank Masters 17th"]
[Site "London"]
[Date "1993.08.29"]
[Round "9"]
[White "Shaw, John Kerr"]
[Black "Arakhamia Grant, Ketevan"]
[Result "0-1"]
[WhiteElo "2270"]
[BlackElo "2440"]
[PlyCount "56"]
[EventDate "1993.08.21"]
[EventType "swiss"]
[EventRounds "10"]
[EventCountry "ENG"]

1. e4 c5 2. Nc3 Nc6 3. g3 g6 4. Bg2 Bg7 5. d3 d6 6. f4 e6 7. Nf3 Nge7 8. O-O
O-O 9. Be3 Nd4 10. Rb1 Rb8 11. Ne2 Nxf3+ 12. Bxf3 b6 13. a3 Bb7 14. b4 Qc7 15.
b5 d5 16. c4 dxc4 17. dxc4 Rbd8 18. Qc2 Rd7 19. Rbd1 Rfd8 20. Kf2 Nc8 21. e5
Bxf3 22. Kxf3 Qb7+ 23. Kf2 Ne7 24. Nc3 Nf5 25. Rxd7 Rxd7 26. Ne4 h5 27. a4 g5
28. Nxg5 Qg2+ 0-1

[Event "Lloyds Bank Masters 17th"]
[Site "London"]
[Date "1993.08.29"]
[Round "9"]
[White "Duncan, Christopher R"]
[Black "Bisby, Daniel L"]
[Result "1-0"]
[WhiteElo "2280"]
[BlackElo "2150"]
[PlyCount "51"]
[EventDate "1993.08.21"]
[EventType "swiss"]
[EventRounds "10"]
[EventCountry "ENG"]

1. e4 c5 2. Nc3 e6 3. g3 d5 4. Bg2 Nf6 5. e5 Nfd7 6. f4 Nc6 7. Nf3 Be7 8. O-O
O-O 9. d3 Rb8 10. a4 a6 11. Ne2 b5 12. c3 b4 13. Kh1 Nb6 14. g4 bxc3 15. bxc3
Na5 16. Ng3 f6 17. Ra2 Bd7 18. d4 Nbc4 19. f5 Rb1 20. Qd3 Qb8 21. Re2 cxd4 22.
exf6 Bxf6 23. fxe6 Bxa4 24. e7 Re8 25. Qf5 dxc3 26. Ng5 1-0

[Event "Lloyds Bank Masters 17th"]
[Site "London"]
[Date "1993.08.29"]
[Round "9"]
[White "Franklin, Michael J"]
[Black "Hunt, Adam"]
[Result "1/2-1/2"]
[WhiteElo "2275"]
[BlackElo "2155"]
[PlyCount "48"]
[EventDate "1993.08.21"]
[EventType "swiss"]
[EventRounds "10"]
[EventCountry "ENG"]

1. c4 g6 2. Nc3 Bg7 3. g3 d6 4. Bg2 e5 5. d3 c6 6. e4 Ne7 7. Nge2 O-O 8. O-O a6
9. Be3 Nd7 10. Qd2 f5 11. f4 Nf6 12. h3 Be6 13. b3 Qd7 14. Kh1 Rad8 15. Rad1
Qc7 16. Na4 Nd7 17. fxe5 dxe5 18. Qb4 Nc8 19. exf5 Bxf5 20. Nac3 a5 21. Qa3 Nf6
22. Ne4 Nxe4 23. dxe4 Be6 24. Qc1 b6 1/2-1/2

[Event "Lloyds Bank Masters 17th"]
[Site "London"]
[Date "1993.08.29"]
[Round "9"]
[White "Corkett, Anthony"]
[Black "Van Parreren, Hanneke"]
[Result "1-0"]
[WhiteElo "2315"]
[BlackElo "2175"]
[PlyCount "127"]
[EventDate "1993.08.21"]
[EventType "swiss"]
[EventRounds "10"]
[EventCountry "ENG"]

1. d4 d6 2. Nf3 f5 3. g3 Nf6 4. Bg2 g6 5. O-O Bg7 6. c4 O-O 7. Nc3 Qe8 8. d5
Na6 9. Nd4 Bd7 10. e3 c6 11. b3 Nc7 12. Bb2 c5 13. Nf3 b5 14. Nd2 Qf7 15. Qe2
Rab8 16. Rad1 bxc4 17. Nxc4 Nb5 18. Qc2 g5 19. Nxb5 Rxb5 20. Bxf6 Bxf6 21. f4
g4 22. e4 fxe4 23. Bxe4 Bd4+ 24. Kg2 Rfb8 25. Kh1 a5 26. Rb1 Ra8 27. Qd3 Rb4
28. a3 Rbb8 29. f5 Qf6 30. a4 h5 31. Qd2 Rb4 32. Bd3 Kg7 33. Qe2 Qg5 34. Rf4
Bf6 35. Rbf1 Bc8 36. Nd2 Rxf4 37. Rxf4 Be5 38. Rf1 Bb7 39. Bc4 Qf6 40. Ne4 Qf7
41. Qd2 Bf6 42. h3 gxh3 43. Kh2 Rg8 44. Kxh3 Kh7 45. Nxf6+ Qxf6 46. Rf4 Bc8 47.
Qf2 Rg5 48. Bd3 Kh8 49. Qf3 Qc3 50. Kh4 Qf6 51. Kh3 Kg7 52. Be4 Kh6 53. Kh2
Qb2+ 54. Kh3 Bd7 55. Qd3 Qe5 56. Qf3 Qd4 57. Bd3 Qc3 58. Kh4 Qxb3 59. Qe4 Rg7
60. Qe3 Kh7 61. Kxh5 Kg8 62. f6 c4 63. fxg7 Qxd3 64. Rf8+ 1-0

[Event "Lloyds Bank Masters 17th"]
[Site "London"]
[Date "1993.08.30"]
[Round "10"]
[White "Miles, Anthony J"]
[Black "Naumkin, Igor"]
[Result "1-0"]
[WhiteElo "2565"]
[BlackElo "2450"]
[PlyCount "157"]
[EventDate "1993.08.21"]
[EventType "swiss"]
[EventRounds "10"]
[EventCountry "ENG"]

1. d4 e6 2. Nf3 f5 3. d5 Nf6 4. dxe6 d5 5. Ng5 Qe7 6. c4 Bxe6 7. cxd5 Nxd5 8.
e4 fxe4 9. Bc4 Qb4+ 10. Nd2 e3 11. fxe3 Nxe3 12. Qh5+ g6 13. Qe2 Qb6 14. Nxe6
Nc2+ 15. Kf1 Ne3+ 16. Ke1 Nc2+ 17. Kf1 Ne3+ 18. Kg1 Nxc4+ 19. Nd4+ Be7 20. Qxc4
Nc6 21. N2b3 O-O-O 22. Be3 Nxd4 23. Bxd4 Rxd4 24. Qxd4 Qxd4+ 25. Nxd4 Bc5 26.
Rd1 Rd8 27. g3 Rxd4 28. Kg2 Ra4 29. Rhe1 Bd6 30. a3 Kd7 31. Rf1 h5 32. Rde1 h4
33. Rf7+ Kc6 34. Rg7 hxg3 35. hxg3 Rg4 36. Re3 a5 37. Kh3 Rg5 38. Kh4 Rh5+ 39.
Kg4 Rh2 40. b3 Bxa3 41. Rc3+ Bc5 42. Rxg6+ Kb5 43. Re6 c6 44. Re5 b6 45. Kg5
Rd2 46. g4 Kb4 47. Rf3 b5 48. Re6 Bd6 49. Re4+ Ka3 50. Kf6 Bc7 51. Kf7 Bd8 52.
b4+ Ka4 53. bxa5+ Kxa5 54. Rf5 Rg2 55. Ke8 Bh4 56. Rh5 Bf2 57. Re2 c5 58. Rf5
Rxg4 59. Rexf2 c4 60. Rb2 c3 61. Rbxb5+ Ka4 62. Rb7 Re4+ 63. Kf7 Rb4 64. Rc7
Kb3 65. Rfc5 Rf4+ 66. Ke6 Rf3 67. R7c6 Rh3 68. Kd7 Rg3 69. Kc7 Rh3 70. Kb6 Rg3
71. Rc4 Rh3 72. R6c5 Rg3 73. Kb5 Rh3 74. Rb4+ Kc2 75. Ka4 Rh8 76. Rb7 Rh4+ 77.
Ka3 Rh3 78. Rbc7 Rg3 79. Kb4 1-0

[Event "Lloyds Bank Masters 17th"]
[Site "London"]
[Date "1993.08.30"]
[Round "10"]
[White "Norwood, David"]
[Black "McDonald, Neil R"]
[Result "1-0"]
[WhiteElo "2515"]
[BlackElo "2395"]
[PlyCount "123"]
[EventDate "1993.08.21"]
[EventType "swiss"]
[EventRounds "10"]
[EventCountry "ENG"]

1. Nf3 Nf6 2. b3 d5 3. Bb2 c6 4. d3 Bg4 5. Nbd2 Nbd7 6. h3 Bxf3 7. Nxf3 e6 8.
e3 Ba3 9. Bxa3 Qa5+ 10. c3 Qxa3 11. d4 O-O 12. Bd3 c5 13. O-O Rac8 14. Qd2 Ne4
15. Bxe4 dxe4 16. Ne1 cxd4 17. exd4 b5 18. f3 Nf6 19. Qe2 e3 20. Nc2 Qb2 21. c4
bxc4 22. bxc4 Rfd8 23. Qd3 Qb6 24. Rab1 Qa6 25. Nxe3 Nd5 26. Nxd5 exd5 27. Rb4
dxc4 28. Qc3 Qxa2 29. Rc1 h6 30. Rxc4 Rxc4 31. Qxc4 Qd2 32. Qc3 Qxc3 33. Rxc3
a5 34. Ra3 Ra8 35. Ra4 Kf8 36. Kf2 Ke7 37. Ke3 Kd6 38. Kd3 Kd5 39. Kc3 Ra6 40.
Kd3 Ra7 41. Kc3 Kc6 42. Kc4 Kb6 43. d5 Rc7+ 44. Kd4 Rc2 45. Ke5 Rxg2 46. Kd6
Rd2 47. Ra1 Kb5 48. Rb1+ Kc4 49. Kc6 a4 50. d6 a3 51. d7 g5 52. Kc7 f5 53. d8=Q
Rxd8 54. Kxd8 h5 55. Ke7 a2 56. Rh1 g4 57. Kf6 gxf3 58. Ke5 Kd3 59. Kf4 Ke2 60.
Ra1 f2 61. Rxa2+ Ke1 62. Kxf5 1-0

[Event "Lloyds Bank Masters 17th"]
[Site "London"]
[Date "1993.08.30"]
[Round "10"]
[White "Hunt, Adam"]
[Black "Duncan, Christopher R"]
[Result "0-1"]
[WhiteElo "2155"]
[BlackElo "2280"]
[PlyCount "122"]
[EventDate "1993.08.21"]
[EventType "swiss"]
[EventRounds "10"]
[EventCountry "ENG"]

1. e4 c5 2. Nf3 d6 3. d4 cxd4 4. Nxd4 Nf6 5. Nc3 g6 6. Be3 Bg7 7. f3 O-O 8. Qd2
Nc6 9. Bc4 Bd7 10. O-O-O Rc8 11. Bb3 Ne5 12. h4 Nc4 13. Bxc4 Rxc4 14. h5 Nxh5
15. g4 Nf6 16. Bh6 Nxe4 17. Nxe4 Rxd4 18. Qh2 Be5 19. f4 Rxd1+ 20. Rxd1 Bxg4
21. Rg1 Bf5 22. Ng3 Bd4 23. Rh1 Qa5 24. Bxf8 Kxf8 25. Nxf5 Qxf5 26. Qd2 Qc5 27.
Kb1 Be3 28. Qh2 h5 29. a3 Qf5 30. Rf1 d5 31. Qg3 Bd4 32. Rd1 Bf6 33. Qf3 e6 34.
Rf1 Kg7 35. Kc1 b6 36. Kb1 h4 37. Kc1 a6 38. Kb1 a5 39. Kc1 Kg8 40. Kb1 Kh7 41.
Qb3 Bd4 42. Qf3 Kg7 43. Kc1 Bf6 44. Qf2 d4 45. Qf3 Qb5 46. b3 Qc5 47. a4 Qc3
48. Qxc3 dxc3 49. Kd1 e5 50. fxe5 Bxe5 51. Ke2 f5 52. Kf2 g5 53. Rb1 Bd6 54.
Rd1 Bc5+ 55. Kg2 g4 56. Rd3 Bb4 57. Rd5 Kf6 58. Rb5 Bc5 59. b4 Bxb4 60. Rxb6+
Ke5 61. Rb5+ Ke4 0-1

[Event "Lloyds Bank Masters 17th"]
[Site "London"]
[Date "1993.08.30"]
[Round "10"]
[White "Morris, Philip"]
[Black "Emms, John M"]
[Result "1/2-1/2"]
[WhiteElo "2380"]
[BlackElo "2455"]
[PlyCount "107"]
[EventDate "1993.08.21"]
[EventType "swiss"]
[EventRounds "10"]
[EventCountry "ENG"]

1. e4 c5 2. Nf3 e6 3. d4 cxd4 4. Nxd4 Nc6 5. g3 Bc5 6. Nb3 Be7 7. Bg2 Nf6 8.
Nc3 O-O 9. O-O a6 10. a4 d6 11. a5 Qc7 12. Be3 Nd7 13. Na4 Nce5 14. Nb6 Nxb6
15. axb6 Qd8 16. Na5 Rb8 17. f4 Nc6 18. Nb3 Bd7 19. Qd2 Qc8 20. c4 Rd8 21. Rfd1
Be8 22. Qe2 Ra8 23. Na5 Bf6 24. g4 h6 25. Nxc6 Bxc6 26. Ra5 Be7 27. Rh5 Bf8 28.
Rh3 e5 29. f5 f6 30. Rg3 Be7 31. h4 Rf8 32. Bf3 Ba4 33. Rc1 Qd8 34. Qd3 Bc6 35.
Kh2 a5 36. Rcg1 Ra6 37. g5 hxg5 38. hxg5 fxg5 39. Bh5 Rxb6 40. R1g2 a4 41. Bxb6
Qxb6 42. Qe2 Bf6 43. Bg6 Rd8 44. Qh5 Kf8 45. Bf7 Ke7 46. Be6 Rf8 47. Rxg5 Kd8
48. Rxg7 Bxg7 49. Rxg7 Qf2+ 50. Kh3 Qf1+ 51. Kh2 Qf4+ 52. Kh3 Qf1+ 53. Kh2 Qf2+
54. Kh3 1/2-1/2

[Event "Lloyds Bank Masters 17th"]
[Site "London"]
[Date "1993.08.30"]
[Round "10"]
[White "Rogers, Ian"]
[Black "Obukhov, Alexander"]
[Result "1/2-1/2"]
[WhiteElo "2595"]
[BlackElo "2490"]
[PlyCount "107"]
[EventDate "1993.08.21"]
[EventType "swiss"]
[EventRounds "10"]
[EventCountry "ENG"]

1. e4 c5 2. Nf3 d6 3. d4 cxd4 4. Nxd4 Nf6 5. Nc3 e6 6. f4 a6 7. Be3 b5 8. Qf3
Bb7 9. Bd3 Nbd7 10. g4 e5 11. Nf5 h5 12. g5 Ng4 13. Bd2 g6 14. Ne3 Nxe3 15.
Bxe3 exf4 16. Bd4 Ne5 17. Qxf4 Bg7 18. O-O-O O-O 19. Kb1 Qc7 20. Be2 Rac8 21.
Rd2 Bc6 22. Rhd1 b4 23. Nd5 Bxd5 24. exd5 Qb7 25. Qf1 Ra8 26. Qh3 a5 27. a4
Rac8 28. Bb5 Nc4 29. Bxc4 Rxc4 30. Bxg7 Kxg7 31. Rd4 Rxd4 32. Rxd4 Qe7 33. Qg2
Re8 34. Rc4 Qe2 35. Qxe2 Rxe2 36. h4 Rd2 37. b3 Rxd5 38. c3 bxc3 39. Kc2 f6 40.
Rc7+ Kf8 41. gxf6 g5 42. hxg5 Rxg5 43. Rd7 Rc5 44. Rxd6 Kf7 45. Rb6 h4 46. Rb5
Rxb5 47. axb5 h3 48. b6 h2 49. b7 h1=Q 50. b8=Q Qe4+ 51. Kxc3 Qc6+ 52. Kd4
Qxf6+ 53. Kd5 Qf3+ 54. Kc4 1/2-1/2

[Event "Lloyds Bank Masters 17th"]
[Site "London"]
[Date "1993.08.30"]
[Round "10"]
[White "Spice, Alan"]
[Black "Dunnington, Angus J"]
[Result "0-1"]
[WhiteElo "2200"]
[BlackElo "2415"]
[PlyCount "104"]
[EventDate "1993.08.21"]
[EventType "swiss"]
[EventRounds "10"]
[EventCountry "ENG"]

1. e4 d6 2. d4 g6 3. Nc3 c6 4. Nf3 Bg7 5. Be2 Nf6 6. O-O O-O 7. a4 a5 8. Bg5 h6
9. Be3 Na6 10. Qd2 Kh7 11. h3 Nb4 12. Ne1 e5 13. dxe5 dxe5 14. Qxd8 Rxd8 15.
Bc4 Kg8 16. f3 Nh5 17. Rd1 Rxd1 18. Nxd1 Nf4 19. c3 Na6 20. Nf2 Be6 21. Bxe6
Nxe6 22. Ned3 h5 23. Bb6 Nb8 24. Nc5 Nxc5 25. Bxc5 Nd7 26. Be3 Kf8 27. Rd1 Ke8
28. Nd3 Bf8 29. c4 f6 30. Kf1 Be7 31. Ke2 h4 32. Bf2 g5 33. Rb1 Nf8 34. Be3 Ne6
35. Rd1 Rb8 36. Rc1 b6 37. Rc2 Bc5 38. Nxc5 bxc5 39. Kd1 Nd4 40. Bd2 Kd7 41.
Bc3 Nxc2 42. Kxc2 Ke6 43. Bd2 f5 44. Be3 fxe4 45. fxe4 Rg8 46. Bf2 g4 47. Bxh4
gxh3 48. gxh3 Rg2+ 49. Kd3 Rxb2 50. Bd8 Rb3+ 51. Kd2 Ra3 52. h4 Rxa4 0-1

[Event "Lloyds Bank Masters 17th"]
[Site "London"]
[Date "1993.08.30"]
[Round "10"]
[White "Nielsen, Uffe V"]
[Black "Ward, Christopher R"]
[Result "1/2-1/2"]
[WhiteElo "2350"]
[BlackElo "2460"]
[PlyCount "100"]
[EventDate "1993.08.21"]
[EventType "swiss"]
[EventRounds "10"]
[EventCountry "ENG"]

1. d4 e6 2. Nf3 c5 3. e4 cxd4 4. Nxd4 Nc6 5. Nb5 d6 6. Bf4 e5 7. Be3 Nf6 8.
N1c3 a6 9. Na3 b5 10. Nd5 Nxd5 11. exd5 Ne7 12. g3 Nf5 13. Bd2 h5 14. c3 g6 15.
Bd3 Bg7 16. O-O O-O 17. Nc2 Ne7 18. Nb4 Bb7 19. Bg5 f6 20. Be3 f5 21. Bg5 Bf6
22. Bxf6 Rxf6 23. a4 a5 24. Nc6 Bxc6 25. dxc6 bxa4 26. c4 Qb6 27. Bc2 Qxc6 28.
Bxa4 Qc5 29. Qf3 Raf8 30. Qa3 Qb6 31. Bb5 Nc6 32. Bxc6 Qxc6 33. Qa4 Qc5 34. b3
Ra8 35. Rfd1 f4 36. Rd5 Qc8 37. Rxa5 Rb8 38. Ra8 Rxa8 39. Qxa8 Qxa8 40. Rxa8+
Kf7 41. b4 fxg3 42. hxg3 Rf3 43. b5 Rb3 44. Rb8 Rb4 45. b6 Ke6 46. Kg2 Kd7 47.
Rg8 Kc6 48. Rxg6 Kc5 49. Rh6 Rxb6 50. Rxh5 Kxc4 1/2-1/2

[Event "Lloyds Bank Masters 17th"]
[Site "London"]
[Date "1993.08.30"]
[Round "10"]
[White "Hennigan, Michael"]
[Black "Rossiter, Philip J"]
[Result "0-1"]
[WhiteElo "2415"]
[BlackElo "2330"]
[PlyCount "90"]
[EventDate "1993.08.21"]
[EventType "swiss"]
[EventRounds "10"]
[EventCountry "ENG"]

1. e4 e5 2. Nf3 Nf6 3. Nc3 Bb4 4. Nxe5 O-O 5. Be2 Re8 6. Nf3 Bxc3 7. dxc3 Nxe4
8. Be3 d6 9. c4 Nc6 10. O-O Bg4 11. Re1 Qf6 12. c3 Qg6 13. Nh4 Bxe2 14. Qxe2
Qe6 15. Nf3 Qg4 16. h3 Qh5 17. Rad1 Nf6 18. Nd4 Qxe2 19. Nxe2 Ne5 20. b3 Ne4
21. f3 Nf6 22. Nf4 a5 23. a4 Ned7 24. g4 h6 25. Kf2 b6 26. Nd5 Nxd5 27. cxd5 f5
28. gxf5 Rf8 29. Rg1 Kh7 30. Bd4 Ne5 31. f4 Rxf5 32. Ke3 Ng6 33. Rxg6 Kxg6 34.
Rg1+ Kh5 35. Rxg7 Re8+ 36. Kf3 Ref8 37. Rxc7 Rxf4+ 38. Ke2 Re8+ 39. Kd2 Rf5 40.
c4 Rf3 41. Rc6 Rg8 42. Ke2 Rxb3 43. Rxd6 Rg2+ 44. Kf1 Rd2 45. Rxb6 Rf3+ 0-1

[Event "Lloyds Bank Masters 17th"]
[Site "London"]
[Date "1993.08.30"]
[Round "10"]
[White "Watson, William N"]
[Black "Merriman, John"]
[Result "1-0"]
[WhiteElo "2550"]
[BlackElo "2235"]
[PlyCount "83"]
[EventDate "1993.08.21"]
[EventType "swiss"]
[EventRounds "10"]
[EventCountry "ENG"]

1. e4 e6 2. d4 d5 3. Nc3 Bb4 4. e5 c5 5. Bd2 Ne7 6. f4 cxd4 7. Nb5 Bxd2+ 8.
Qxd2 O-O 9. Nf3 Nbc6 10. Bd3 Qb6 11. O-O-O Bd7 12. Nbxd4 f5 13. exf6 Rxf6 14.
Kb1 Nxd4 15. Nxd4 Nc6 16. Nf3 Nb4 17. g3 Rc8 18. Rhe1 Be8 19. Ne5 Rc5 20. Qe3
Nxd3 21. Nxd3 Rb5 22. Qxb6 Rxb6 23. Ne5 Rd6 24. Re3 Rf8 25. Ra3 a6 26. Rb3 b6
27. Rc3 Bb5 28. Rd4 Rb8 29. Rc7 a5 30. Kc1 Rdd8 31. g4 g6 32. a4 Be8 33. g5 b5
34. axb5 Rxb5 35. Ng4 Rdb8 36. Nf6+ Kf8 37. Nxh7+ Kg8 38. Nf6+ Kf8 39. Nh7+ Kg8
40. Nf6+ Kf8 41. f5 gxf5 42. Rh4 1-0

[Event "Lloyds Bank Masters 17th"]
[Site "London"]
[Date "1993.08.30"]
[Round "10"]
[White "Britton, Richard"]
[Black "Koshy, Varugeese"]
[Result "0-1"]
[WhiteElo "2305"]
[BlackElo "2415"]
[PlyCount "82"]
[EventDate "1993.08.21"]
[EventType "swiss"]
[EventRounds "10"]
[EventCountry "ENG"]

1. e4 c5 2. Nf3 Nc6 3. d4 cxd4 4. Nxd4 Nf6 5. Nc3 e5 6. Ndb5 d6 7. Bg5 a6 8.
Na3 b5 9. Bxf6 gxf6 10. Nd5 f5 11. Bd3 Be6 12. O-O Bg7 13. Qh5 f4 14. c4 b4 15.
Nc2 Rb8 16. b3 O-O 17. g3 Qd7 18. Qe2 f5 19. Rad1 a5 20. exf5 Bxf5 21. Be4 Bxe4
22. Qxe4 Qh3 23. Rd3 Kh8 24. Nxf4 exf4 25. Qxc6 Be5 26. Qg2 Qf5 27. Rfd1 f3 28.
Qf1 Rf6 29. Ne1 Qh5 30. Re3 Bxg3 31. Nxf3 Bf4 32. Red3 Rg8+ 33. Kh1 Bxh2 34.
Nxh2 Rh6 35. Rh3 Qxh3 36. Qxh3 Rxh3 37. Rxd6 Rc3 38. Rd1 Rc2 39. f3 Rxa2 40.
Ng4 a4 41. bxa4 b3 0-1

[Event "Lloyds Bank Masters 17th"]
[Site "London"]
[Date "1993.08.30"]
[Round "10"]
[White "Webster, Andrew"]
[Black "Saunders, John C"]
[Result "1-0"]
[WhiteElo "2410"]
[BlackElo "2245"]
[PlyCount "81"]
[EventDate "1993.08.21"]
[EventType "swiss"]
[EventRounds "10"]
[EventCountry "ENG"]

1. d4 Nf6 2. c4 e6 3. g3 d5 4. Nf3 c6 5. Nbd2 Nbd7 6. Bg2 Bd6 7. b3 O-O 8. Bb2
Qe7 9. O-O e5 10. dxe5 Nxe5 11. Nxe5 Bxe5 12. Bxe5 Qxe5 13. cxd5 Nxd5 14. Nc4
Qe6 15. e4 Nb6 16. Na5 Qe7 17. a3 Be6 18. Qc2 Rac8 19. f4 f6 20. Rfe1 Rfd8 21.
e5 f5 22. b4 Rd7 23. Rad1 Rcd8 24. Bf3 g5 25. Qc5 Qg7 26. Rd6 Rxd6 27. exd6 Bd5
28. Bxd5+ Nxd5 29. fxg5 b6 30. Qxc6 Qd4+ 31. Kh1 Qd2 32. Re8+ Kf7 33. d7 Qd1+
34. Kg2 Nf4+ 35. gxf4 Qg4+ 36. Kf2 Qxf4+ 37. Ke1 Qh4+ 38. Kd1 Qd4+ 39. Kc2 Qxd7
40. Rxd8 Qxd8 41. Nc4 1-0

[Event "Lloyds Bank Masters 17th"]
[Site "London"]
[Date "1993.08.30"]
[Round "10"]
[White "Mitkov, Nikola"]
[Black "Krasenkow, Michal"]
[Result "1/2-1/2"]
[WhiteElo "2495"]
[BlackElo "2595"]
[PlyCount "78"]
[EventDate "1993.08.21"]
[EventType "swiss"]
[EventRounds "10"]
[EventCountry "ENG"]

1. e4 e5 2. Bc4 Nf6 3. d3 Nc6 4. Nc3 Na5 5. Nge2 c6 6. a3 Nxc4 7. dxc4 Bc5 8.
O-O d6 9. Qd3 a6 10. Be3 Bxe3 11. Qxe3 Qe7 12. a4 Be6 13. b3 a5 14. Rad1 O-O
15. Rd3 Rfd8 16. h3 Nd7 17. Rfd1 Nc5 18. R3d2 Rd7 19. Ng3 g6 20. Nf1 Rf8 21. f4
f5 22. fxe5 dxe5 23. exf5 Bxf5 24. Ng3 Rxd2 25. Rxd2 b6 26. Re2 h5 27. Kh2 Kg7
28. Nce4 Nxe4 29. Nxe4 c5 30. Nc3 e4 31. Nd5 Qd6+ 32. Qg3 Rd8 33. Qxd6 Rxd6 34.
h4 g5 35. Kg3 Kg6 36. Ne7+ Kf6 37. Nd5+ Kg6 38. Ne7+ Kf6 39. Nd5+ Kg6 1/2-1/2

[Event "Lloyds Bank Masters 17th"]
[Site "London"]
[Date "1993.08.30"]
[Round "10"]
[White "Ledger, Andrew"]
[Black "King, Daniel J"]
[Result "0-1"]
[WhiteElo "2375"]
[BlackElo "2455"]
[PlyCount "76"]
[EventDate "1993.08.21"]
[EventType "swiss"]
[EventRounds "10"]
[EventCountry "ENG"]

1. Nf3 Nf6 2. g3 d5 3. Bg2 c6 4. O-O Bg4 5. b3 Nbd7 6. Bb2 e6 7. d3 Bc5 8. Nbd2
O-O 9. c4 a5 10. a3 b5 11. d4 Bb6 12. Ne5 Nxe5 13. dxe5 Nd7 14. h3 Bh5 15. g4
Bg6 16. cxb5 cxb5 17. e4 Nc5 18. exd5 Nd3 19. Ra2 exd5 20. Ba1 Rc8 21. Nf3 Rc1
22. Qxc1 Nxc1 23. Rxc1 h5 24. Rc6 hxg4 25. hxg4 Be4 26. Ne1 Ba7 27. Ra6 Bb6 28.
Bf1 Qc7 29. Bxb5 Qc1 30. Kf1 Rb8 31. e6 fxe6 32. Be5 Bc7 33. Rc6 Bd3+ 34. Bxd3
Qxc6 35. Rc2 Qxc2 36. Bxc2 Bxe5 37. Nd3 Bd6 38. a4 Rc8 0-1

[Event "Lloyds Bank Masters 17th"]
[Site "London"]
[Date "1993.08.30"]
[Round "10"]
[White "Gallagher, Joseph G"]
[Black "Dunn, Andrew"]
[Result "1-0"]
[WhiteElo "2515"]
[BlackElo "2230"]
[PlyCount "67"]
[EventDate "1993.08.21"]
[EventType "swiss"]
[EventRounds "10"]
[EventCountry "ENG"]

1. e4 c6 2. d4 d5 3. f3 e6 4. Nc3 Bb4 5. Bf4 Nf6 6. Qd3 b6 7. Nge2 Ba6 8. Qe3
Nbd7 9. e5 Ng8 10. a3 Be7 11. g4 Bh4+ 12. Bg3 Bxg3+ 13. Nxg3 Bxf1 14. Rxf1 Qe7
15. O-O-O b5 16. Nb1 a5 17. f4 b4 18. f5 Rb8 19. Nh5 g6 20. Nf4 Nb6 21. f6 Nc4
22. Qh3 Qb7 23. a4 b3 24. c3 Nb6 25. Rf2 Nxa4 26. Rdf1 Qd7 27. Qh4 h6 28. Nxg6
fxg6 29. f7+ Kf8 30. fxg8=Q+ Kxg8 31. Rf7 Qd8 32. Qf2 Qg5+ 33. Nd2 Qd8 34. Rg7+
1-0

[Event "Lloyds Bank Masters 17th"]
[Site "London"]
[Date "1993.08.30"]
[Round "10"]
[White "Lane, Gary William"]
[Black "Arkell, Keith C"]
[Result "0-1"]
[WhiteElo "2430"]
[BlackElo "2460"]
[PlyCount "68"]
[EventDate "1993.08.21"]
[EventType "swiss"]
[EventRounds "10"]
[EventCountry "ENG"]

1. e4 c6 2. d4 d5 3. e5 c5 4. dxc5 Nc6 5. Bb5 e6 6. Bxc6+ bxc6 7. Be3 Rb8 8. b3
Ne7 9. Bd4 Nf5 10. c3 a5 11. Ne2 Ba6 12. O-O Qc7 13. Re1 Qa7 14. Ng3 Nxg3 15.
hxg3 Bxc5 16. Bxc5 Qxc5 17. Qd4 Qb6 18. Qh4 Bd3 19. Re3 Bg6 20. Nd2 O-O 21. g4
a4 22. Rh3 axb3 23. axb3 Ra8 24. Rxa8 Rxa8 25. Qe7 h6 26. Nf3 Qxb3 27. g5 h5
28. Nh4 Be4 29. g6 Bxg6 30. Nxg6 Qb1+ 31. Kh2 Qxg6 32. Qb7 Rf8 33. Qxc6 Qf5 34.
Qc7 Qf4+ 0-1